La prise conscience.

Shranjeno v:
Bibliografske podrobnosti
Glavni avtor: Piaget, Jean (autor)
Drugi avtorji: Strauss, Gloria D. (autor) (autor), Voisin, Marcel (autor) (autor)
Format: Knjiga
Jezik:francoščina
Teme:
Oznake: Označite
Brez oznak, prvi označite!

MARC

LEADER 00000cam^a2200000uu^4500
001 000479445
005 20250521000000.0
008 050901s1974^^^^^^^^^^^^rd^r^^000^0^fre^d
009 20260310124938.413
035 |a FCE 000022447 
035 |a FCE 002726 
037 |a Acervo ITESO - Biblioteca 
041 |a FRA 
082 0 4 |a 155.671  |b PIA 
100 |a Piaget, Jean  |e (autor) 
245 1 3 |a La prise conscience. 
264 |a Paris :  |b Universite de France,  |c 1974. 
300 |a 282 p. 
336 |a texto  |b txt  |2 rdacontenido 
337 |a sin mediación  |b n  |2 rdamedio 
338 |a volumen  |b nc  |2 rdasoporte 
649 |a XX 
650 |a Psicología 
650 |a Conciencia 
700 |a Strauss, Gloria D.  |e (autor) 
700 |a Voisin, Marcel  |e (autor) 
910 |a Fondo Centro de Estudios Educativos 
920 |a Impresos - Libros 
930 |a Fondos Especiales 
905 |a 133 
901 |a ALE002726  |b IT2  |c CEE  |u 20250521 
902 |a https://opac.biblio.iteso.mx/vufind/Record/000479445